Vista normal
Vista MARC
Entrada Personal Name
Número de registros utilizados en: 2
001 - CONTROL NUMBER
- control field: 8651
003 - CONTROL NUMBER IDENTIFIER
- control field: OSt
005 - DATE AND TIME OF LATEST TRANSACTION
- control field: 20200812122121.0
008 - FIXED-LENGTH DATA ELEMENTS
- fixed length control field: 200812|| aca||aabn | a|a d
040 ## - CATALOGING SOURCE
- Original cataloging agency: OSt
- Transcribing agency: OSt
100 ## - HEADING--PERSONAL NAME
- Personal name: Benedetti, Mario,
- Dates associated with a name: 1920-2009
670 ## - SOURCE DATA FOUND
- Source citation: Work cat.: (OSt)4121: Benedetti, Mario, 1920-2009, autor, Inventario uno : , 2001